Abitare.

Bibliographic Details
Format: Journal
Language:Italian
English
Language Notes:In English and Italian, with some summaries in French, German, and Spanish.
Published: [Milano] : [Editrice Segesta, etc.]
Subjects:
Online Availability: Check for online availability

MARC

Tag First Indicator Second Indicator Subfields
LEADER 00000cas a2200000 4500
001 in00000642011
005 20151015054601.0
008 750720c19609999it mn p 0 a0ita c
010 |a  77003851  
019 |a 2444248  |a 181646537  |a 182857784 
022 |a 0001-3218  |l 0001-3218 
029 1 |a NLGGC  |b 803380747 
029 1 |a NZ1  |b 3587954 
029 1 |a AU@  |b 000000918032 
029 1 |a AU@  |b 000023996797 
035 |a (OCoLC)ocm01460559 
040 |a MUL  |b eng  |c MUL  |d SUL  |d YUS  |d IUL  |d OCL  |d FUG  |d DLC  |d NST  |d AIP  |d NST  |d OCL  |d NST  |d DLC  |d ORZ  |d OCLCQ  |d HUL  |d LVB  |d OCLCQ  |d OCLCF  |d DLC  |d ZCU  |d LRU  |d OCLCO  |d ZCU  |d UtOrBLW 
041 0 |a eng  |a ita  |b fre  |b ger  |b spa 
042 |a pcc 
043 |a e-it--- 
049 |a TXAM 
050 0 0 |a NK1700  |b .A24 
082 0 4 |a 747/.05 
210 0 |a Abitare 
222 0 |a Abitare 
245 0 0 |a Abitare. 
264 1 |a [Milano] :  |b [Editrice Segesta, etc.] 
300 |a numbers :  |b illustrations (part color, part folded), plans (part color) ;  |c 30-35 cm. 
310 |a 11 no. a year (July/Aug. combined) 
321 |a Ten no. a year 
336 |a text  |b txt  |2 rdacontent 
337 |a unmediated  |b n  |2 rdamedia 
338 |a volume  |b nc  |2 rdacarrier 
362 1 |a Began in 1960. 
515 |a No. <156- > also called nuova ser. <9- > 
515 |a Publication suspended with 537 (Jan./Feb. 2014); resumed with 538 (2014:Oct.) 
525 |a Supplements with distinctive titles, e.g., Abitare. Merci, accompany some issues. 
546 |a In English and Italian, with some summaries in French, German, and Spanish. 
650 0 |a Interior decoration  |v Periodicals. 
650 0 |a Interior decoration  |z Italy  |v Periodicals. 
650 0 |a Architecture  |v Periodicals. 
650 7 |a Architecture.  |2 fast  |0 (OCoLC)fst00813346 
650 7 |a Interior decoration.  |2 fast  |0 (OCoLC)fst00976327 
651 7 |a Italy.  |2 fast  |0 (OCoLC)fst01204565 
655 7 |a Periodicals.  |2 fast  |0 (OCoLC)fst01411641 
770 0 |t Mettiamo su casa insieme 
770 0 |t Italian furniture manufacturers 
776 0 8 |i Online version:  |t Abitare  |x 0001-3218  |w (OCoLC)566041719 
850 |a AzTeS  |a CU-Riv  |a CaAEU  |a CaAEU  |a DLC  |a ICarbS  |a IaAS  |a KyLoU  |a NBuU  |a NN  |a NcRS  |a NhU  |a OkU  |a TxArU  |a TxU 
891 2 0 |9 853  |8 2  |a no.  |v c  |i (year)  |j (month)  |w 11  |y pm01,02,03,04,05,06,07/08,09,10,11,12 
891 4 1 |9 863  |8 2.1  |a <329>  |i <1994>  |j <05> 
994 |a C0  |b TXA 
949 |a updated  |b h  |c 2014/10/10  |e coplinger  |f 11:44:17 am 
999 |a MARS 
999 f f |s e942610e-41c1-33cf-a51e-59f4fcaac7af  |i 0f760ffd-d3c5-314a-932d-28bb2845aa14  |t 0 
952 f f |a Texas A&M University  |b College Station  |c Sterling C. Evans Library  |d Evans: Library Stacks  |e NK1700 .A24  |h Library of Congress classification  |i unmediated -- volume  |k [no.]615-616  |l 2022:giugno  |m A14851809682  |p serial  |s Evans stk  |t 0 
952 f f |a Texas A&M University  |b College Station  |c Sterling C. Evans Library  |d Evans: Library Stacks  |e NK1700 .A24  |h Library of Congress classification  |i unmediated -- volume  |k no.317  |l 1993:apr  |m A14817199184  |p serial  |s Evans stk  |t 0 
952 f f |a Texas A&M University  |b College Station  |c Sterling C. Evans Library  |d Evans: Library Stacks  |e NK1700 .A24  |h Library of Congress classification  |i unmediated -- volume  |k no.254-256  |l 1987  |m A14811607359  |p serial  |s Evans stk  |t 0 
952 f f |a Texas A&M University  |b College Station  |c Sterling C. Evans Library  |d Evans: Library Stacks  |e NK1700 .A24  |h Library of Congress classification  |i unmediated -- volume  |k no.451  |l 2005:June  |m A14832890569  |p serial  |s Evans stk  |t 0 
952 f f |a Texas A&M University  |b College Station  |c Sterling C. Evans Library  |d Evans: Library Stacks  |e NK1700 .A24  |h Library of Congress classification  |i unmediated -- volume  |k [no.] 547-548  |l 2015:Sept.-Oct.  |m A14843318206  |p serial  |s Evans stk  |t 0 
952 f f |a Texas A&M University  |b College Station  |c Sterling C. Evans Library  |d Evans: Library Stacks  |e NK1700 .A24  |h Library of Congress classification  |i unmediated -- volume  |k no.450  |l 2005:May  |m A14832863211  |p serial  |s Evans stk  |t 0 
952 f f |a Texas A&M University  |b College Station  |c Sterling C. Evans Library  |d Evans: Library Stacks  |e NK1700 .A24  |h Library of Congress classification  |i unmediated -- volume  |k no.338  |l 1995:marzo  |m A14819077281  |p serial  |s Evans stk  |t 0 
952 f f |a Texas A&M University  |b College Station  |c Sterling C. Evans Library  |d Evans: Library Stacks  |e NK1700 .A24  |h Library of Congress classification  |i unmediated -- volume  |k no.404-405  |l 2001:mar.-april  |m A14828217238  |p serial  |s Evans stk  |t 0 
952 f f |a Texas A&M University  |b College Station  |c Sterling C. Evans Library  |d Evans: Library Stacks  |e NK1700 .A24  |h Library of Congress classification  |i unmediated -- volume  |k no.375  |l 1998:July/Aug  |m A14823747864  |p serial  |s Evans stk  |t 0 
952 f f |a Texas A&M University  |b College Station  |c Sterling C. Evans Library  |d Evans: At Bindery (Does not check out)  |e NK1700 .A24  |h Library of Congress classification  |i unmediated -- volume  |k [no.]633-634  |l 2024:Apr.-May.  |m A14852823591  |p serial  |s Evans at bindery  |t 0 
952 f f |a Texas A&M University  |b College Station  |c Sterling C. Evans Library  |d Evans: Library Stacks  |e NK1700 .A24  |h Library of Congress classification  |i unmediated -- volume  |k no.392  |l 2000;feb.  |m A14826404902  |p serial  |s Evans stk  |t 0 
952 f f |a Texas A&M University  |b College Station  |c Sterling C. Evans Library  |d Evans: Library Stacks  |e NK1700 .A24  |h Library of Congress classification  |i unmediated -- volume  |k no.406-407  |l 2001:may-june  |m A14828217220  |p serial  |s Evans stk  |t 0 
952 f f |a Texas A&M University  |b College Station  |c Sterling C. Evans Library  |d Evans: Library Stacks  |e NK1700 .A24  |h Library of Congress classification  |i unmediated -- volume  |k [no.]631-632  |l 2024:Jan./Feb.-Mar.  |m A14852191320  |p serial  |s Evans stk  |t 0 
952 f f |a Texas A&M University  |b College Station  |c Sterling C. Evans Library  |d Evans: Library Stacks  |e NK1700 .A24  |h Library of Congress classification  |i unmediated -- volume  |k no.400-401  |l 2000:Nov.-Dec.  |m A14828217432  |p serial  |s Evans stk  |t 0 
952 f f |a Texas A&M University  |b College Station  |c Sterling C. Evans Library  |d Evans: Library Stacks  |e NK1700 .A24  |h Library of Congress classification  |i unmediated -- volume  |k no.475  |l 2007:Sept.  |m A14836419454  |p serial  |s Evans stk  |t 0 
952 f f |a Texas A&M University  |b College Station  |c Sterling C. Evans Library  |d Evans: Library Stacks  |e NK1700 .A24  |h Library of Congress classification  |i unmediated -- volume  |k no.349  |l 1996:Marzo  |m A14820106297  |p serial  |s Evans stk  |t 0 
952 f f |p serial  |a Texas A&M University  |b College Station  |c Sterling C. Evans Library  |s Evans stk  |d Evans: Library Stacks  |t 0  |e NK1700 .A24  |h Library of Congress classification  |i unmediated -- volume  |l 1992:Feb.:Suppl.  |m A14821205492 
952 f f |a Texas A&M University  |b College Station  |c Sterling C. Evans Library  |d Evans: Library Stacks  |e NK1700 .A24  |h Library of Congress classification  |i unmediated -- volume  |k no.335  |l 1994:dic.  |m A14818841344  |p serial  |s Evans stk  |t 0 
952 f f |a Texas A&M University  |b College Station  |c Sterling C. Evans Library  |d Evans: Library Stacks  |e NK1700 .A24  |h Library of Congress classification  |i unmediated -- volume  |k no.452  |l 2005:luglio/ag.  |m A14832899589  |p serial  |s Evans stk  |t 0 
952 f f |a Texas A&M University  |b College Station  |c Sterling C. Evans Library  |d Evans: Library Stacks  |e NK1700 .A24  |h Library of Congress classification  |i unmediated -- volume  |k no.448  |l 2005:Mar.  |m A14832863130  |p serial  |s Evans stk  |t 0 
952 f f |a Texas A&M University  |b College Station  |c Sterling C. Evans Library  |d Evans: Library Stacks  |e NK1700 .A24  |h Library of Congress classification  |i unspecified -- unspecified  |k [no.] 609-610  |l 2021:Nov.-Dec.  |m A14851519455  |p serial  |s Evans stk  |t 0 
952 f f |a Texas A&M University  |b College Station  |c Sterling C. Evans Library  |d Evans: Library Stacks  |e NK1700 .A24  |h Library of Congress classification  |i unmediated -- volume  |k no.326  |l 1994:febbr.  |m A14818396616  |p serial  |s Evans stk  |t 0 
952 f f |a Texas A&M University  |b College Station  |c Sterling C. Evans Library  |d Evans: Library Stacks  |e NK1700 .A24  |h Library of Congress classification  |i unmediated -- volume  |k [no.] 579-580  |l 2018:Nov.-Dec.  |m A14850924441  |p serial  |s Evans stk  |t 0 
952 f f |a Texas A&M University  |b College Station  |c Sterling C. Evans Library  |d Evans: Library Stacks  |e NK1700 .A24  |h Library of Congress classification  |i unmediated -- volume  |k no.321  |l 1993:sett.  |m A14817873843  |p serial  |s Evans stk  |t 0 
952 f f |a Texas A&M University  |b College Station  |c Sterling C. Evans Library  |d Evans: Library Stacks  |e NK1700 .A24  |h Library of Congress classification  |i unmediated -- volume  |k [no.] 559-560  |l 2016:Nov.-Dec.  |m A14850081515  |p serial  |s Evans stk  |t 0 
952 f f |a Texas A&M University  |b College Station  |c Sterling C. Evans Library  |d Evans: Library Stacks  |e NK1700 .A24  |h Library of Congress classification  |i unmediated -- volume  |k no.318  |l 1993:magg.  |m A14817181636  |p serial  |s Evans stk  |t 0 
952 f f |a Texas A&M University  |b College Station  |c Sterling C. Evans Library  |d Evans: Library Stacks  |e NK1700 .A24  |h Library of Congress classification  |i unmediated -- volume  |k [no.] 537  |l 2014:Jan.-Feb.  |m A14843318024  |p serial  |s Evans stk  |t 0 
952 f f |a Texas A&M University  |b College Station  |c Sterling C. Evans Library  |d Evans: Library Stacks  |e NK1700 .A24  |h Library of Congress classification  |i unmediated -- volume  |k [no.] 561-562  |l 2017:Jan./Feb.-Mar.  |m A14850349425  |p serial  |s Evans stk  |t 0 
952 f f |a Texas A&M University  |b College Station  |c Sterling C. Evans Library  |d Evans: Library Stacks  |e NK1700 .A24  |h Library of Congress classification  |i unmediated -- volume  |k no.385  |l 1999:June  |m A14826158080  |p serial  |s Evans stk  |t 0 
952 f f |a Texas A&M University  |b College Station  |c Sterling C. Evans Library  |d Evans: Library Stacks  |e NK1700 .A24  |h Library of Congress classification  |i unmediated -- volume  |k no.336  |l 1995:genn  |m A14819077231  |p serial  |s Evans stk  |t 0 
952 f f |a Texas A&M University  |b College Station  |c Sterling C. Evans Library  |d Evans: Library Stacks  |e NK1700 .A24  |h Library of Congress classification  |i unmediated -- volume  |k no.351  |l 1996:Maggio  |m A14820106271  |p serial  |s Evans stk  |t 0 
952 f f |a Texas A&M University  |b College Station  |c Sterling C. Evans Library  |d Evans: Library Stacks  |e NK1700 .A24  |h Library of Congress classification  |i unmediated -- volume  |k no.322  |l 1993:ott.  |m A14817873827  |p serial  |s Evans stk  |t 0 
952 f f |a Texas A&M University  |b College Station  |c Sterling C. Evans Library  |d Evans: Library Stacks  |e NK1700 .A24  |h Library of Congress classification  |i unmediated -- volume  |k no.410  |l 2001:ott.  |m A14829654182  |p serial  |s Evans stk  |t 0 
952 f f |a Texas A&M University  |b College Station  |c Sterling C. Evans Library  |d Evans: Library Stacks  |e NK1700 .A24  |h Library of Congress classification  |i unmediated -- volume  |k no.300/301  |l 1991:ott.-nov.  |m A14815526123  |p serial  |s Evans stk  |t 0 
952 f f |a Texas A&M University  |b College Station  |c Sterling C. Evans Library  |d Evans: Library Stacks  |e NK1700 .A24  |h Library of Congress classification  |i unmediated -- volume  |k [no.] 549-550  |l 2015:Nov.-Dec.  |m A14843318198  |p serial  |s Evans stk  |t 0 
952 f f |a Texas A&M University  |b College Station  |c Sterling C. Evans Library  |d Evans: Library Stacks  |e NK1700 .A24  |h Library of Congress classification  |i unmediated -- volume  |k no.231  |l 1985:genn./febbr.  |m A14832856109  |p serial  |s Evans stk  |t 0 
952 f f |a Texas A&M University  |b College Station  |c Sterling C. Evans Library  |d Evans: Library Stacks  |e NK1700 .A24  |h Library of Congress classification  |i unmediated -- volume  |k no.344  |l 1995:ott.  |m A14819933518  |p serial  |s Evans stk  |t 0 
952 f f |a Texas A&M University  |b College Station  |c Sterling C. Evans Library  |d Evans: Library Stacks  |e NK1700 .A24  |h Library of Congress classification  |i unmediated -- volume  |k no.509-510  |l 2011:Jan./Feb.-Mar.  |m A14842042245  |p serial  |s Evans stk  |t 0 
952 f f |a Texas A&M University  |b College Station  |c Sterling C. Evans Library  |d Evans: Library Stacks  |e NK1700 .A24  |h Library of Congress classification  |i unmediated -- volume  |k no.491/492  |l 2009:Apr.-May  |m A14838820546  |p serial  |s Evans stk  |t 0 
952 f f |a Texas A&M University  |b College Station  |c Sterling C. Evans Library  |d Evans: Library Stacks  |e NK1700 .A24  |h Library of Congress classification  |i unmediated -- volume  |k [no.] 613-614  |l 2022:apr.-maggio  |m A14851804568  |p serial  |s Evans stk  |t 0 
952 f f |a Texas A&M University  |b College Station  |c Sterling C. Evans Library  |d Evans: Library Stacks  |e NK1700 .A24  |h Library of Congress classification  |i unmediated -- volume  |k no.324  |l 1993:dic.  |m A14817873869  |p serial  |s Evans stk  |t 0 
952 f f |a Texas A&M University  |b College Station  |c Sterling C. Evans Library  |d Evans: Library Stacks  |e NK1700 .A24  |h Library of Congress classification  |i unmediated -- volume  |k [no.] 583-584  |l 2019:Apr.-May  |m A14850936734  |p serial  |s Evans stk  |t 0 
952 f f |a Texas A&M University  |b College Station  |c Sterling C. Evans Library  |d Evans: Library Stacks  |e NK1700 .A24  |h Library of Congress classification  |i unmediated -- volume  |k no.424/425  |l 2003:genn.-febbr.  |m A14830348281  |p serial  |s Evans stk  |t 0 
952 f f |a Texas A&M University  |b College Station  |c Sterling C. Evans Library  |d Evans: Library Stacks  |e NK1700 .A24  |h Library of Congress classification  |i unmediated -- volume  |k no.380  |l 1999:Jan  |m A14824911288  |p serial  |s Evans stk  |t 0 
952 f f |a Texas A&M University  |b College Station  |c Sterling C. Evans Library  |d Evans: Library Stacks  |e NK1700 .A24  |h Library of Congress classification  |i unmediated -- volume  |k no.426/427  |l 2003:mar.-apr.  |m A14830348207  |p serial  |s Evans stk  |t 0 
952 f f |a Texas A&M University  |b College Station  |c Sterling C. Evans Library  |d Evans: Library Stacks  |e NK1700 .A24  |h Library of Congress classification  |i unmediated -- volume  |k no.370  |l 1998:Feb.  |m A14823747610  |p serial  |s Evans stk  |t 0 
952 f f |a Texas A&M University  |b College Station  |c Sterling C. Evans Library  |d Evans: Library Stacks  |e NK1700 .A24  |h Library of Congress classification  |i unmediated -- volume  |k no.345  |l 1995:nov.  |m A14819933500  |p serial  |s Evans stk  |t 0 
952 f f |a Texas A&M University  |b College Station  |c Sterling C. Evans Library  |d Evans: Library Stacks  |e NK1700 .A24  |h Library of Congress classification  |i unmediated -- volume  |k no.513-514  |l 2011:Jun.-Jul./Aug.  |m A14842042260  |p serial  |s Evans stk  |t 0 
952 f f |a Texas A&M University  |b College Station  |c Sterling C. Evans Library  |d Evans: Library Stacks  |e NK1700 .A24  |h Library of Congress classification  |i unmediated -- volume  |k no.433/434  |l 2003:nov.-dic.  |m A14831825676  |p serial  |s Evans stk  |t 0 
952 f f |a Texas A&M University  |b College Station  |c Sterling C. Evans Library  |d Evans: Library Stacks  |e NK1700 .A24  |h Library of Congress classification  |i unmediated -- volume  |k no.279/280  |l 1989  |m A14812919555  |p serial  |s Evans stk  |t 0 
952 f f |a Texas A&M University  |b College Station  |c Sterling C. Evans Library  |d Evans: At Bindery (Does not check out)  |e NK1700 .A24  |h Library of Congress classification  |i unmediated -- volume  |k [no.]645-646  |l 2025:Jun.-Jul./Aug.  |m A14852824250  |p serial  |s Evans at bindery  |t 0 
952 f f |p serial  |a Texas A&M University  |b College Station  |c Sterling C. Evans Library  |s Evans stk  |d Evans: Library Stacks  |t 0  |e NK1700 .A24  |h Library of Congress classification  |i unmediated -- volume  |l 1982  |m A14829766272 
952 f f |a Texas A&M University  |b College Station  |c Sterling C. Evans Library  |d Evans: Library Stacks  |e NK1700 .A24  |h Library of Congress classification  |i unmediated -- volume  |k [no.] 617-618  |l 2022:sett.-ott.  |m A14851816372  |p serial  |s Evans stk  |t 0 
952 f f |a Texas A&M University  |b College Station  |c Sterling C. Evans Library  |d Evans: Library Stacks  |e NK1700 .A24  |h Library of Congress classification  |i unmediated -- volume  |k no.499-500  |l 2010:Jan./Feb.-Mar.  |m A14842042195  |p serial  |s Evans stk  |t 0 
952 f f |a Texas A&M University  |b College Station  |c Sterling C. Evans Library  |d Evans: Library Stacks  |e NK1700 .A24  |h Library of Congress classification  |i unmediated -- volume  |k [no.]623-624  |l 2023:apr.-may  |m A14851843616  |p serial  |s Evans stk  |t 0 
952 f f |a Texas A&M University  |b College Station  |c Sterling C. Evans Library  |d Evans: Library Stacks  |e NK1700 .A24  |h Library of Congress classification  |i unmediated -- volume  |k no.521-522  |l 2012:Apr.-May  |m A14842042302  |p serial  |s Evans stk  |t 0 
952 f f |a Texas A&M University  |b College Station  |c Sterling C. Evans Library  |d Evans: Library Stacks  |e NK1700 .A24  |h Library of Congress classification  |i unmediated -- volume  |k [no.] 581-582  |l 2019:Jan./Feb.-Mar.  |m A14850936726  |p serial  |s Evans stk  |t 0 
952 f f |a Texas A&M University  |b College Station  |c Sterling C. Evans Library  |d Evans: Library Stacks  |e NK1700 .A24  |h Library of Congress classification  |i unmediated -- volume  |k no.278  |l 1989:ott.  |m A14812919505  |p serial  |s Evans stk  |t 0 
952 f f |a Texas A&M University  |b College Station  |c Sterling C. Evans Library  |d Evans: Library Stacks  |e NK1700 .A24  |h Library of Congress classification  |i unmediated -- volume  |k [no.] 539-540  |l 2014:Nov.-Dec.  |m A14843318248  |p serial  |s Evans stk  |t 0 
952 f f |a Texas A&M University  |b College Station  |c Sterling C. Evans Library  |d Evans: Library Stacks  |e NK1700 .A24  |h Library of Congress classification  |i unmediated -- volume  |k no.331  |l 1994:luglio/ag.  |m A14818820576  |p serial  |s Evans stk  |t 0 
952 f f |a Texas A&M University  |b College Station  |c Sterling C. Evans Library  |d Evans: Library Stacks  |e NK1700 .A24  |h Library of Congress classification  |i unmediated -- volume  |k no.353  |l 1996:July/Aug.  |m A14820591612  |p serial  |s Evans stk  |t 0 
952 f f |a Texas A&M University  |b College Station  |c Sterling C. Evans Library  |d Evans: Library Stacks  |e NK1700 .A24  |h Library of Congress classification  |i unmediated -- volume  |k no.460  |l 2006:Apr.  |m A14834628510  |p serial  |s Evans stk  |t 0 
952 f f |a Texas A&M University  |b College Station  |c Sterling C. Evans Library  |d Evans: Library Stacks  |e NK1700 .A24  |h Library of Congress classification  |i unmediated -- volume  |k no.275/276  |l 1989  |m A14812919408  |p serial  |s Evans stk  |t 0 
952 f f |a Texas A&M University  |b College Station  |c Sterling C. Evans Library  |d Evans: Library Stacks  |e NK1700 .A24  |h Library of Congress classification  |i unmediated -- volume  |k no.388  |l 1999:Oct  |m A14826009964  |p serial  |s Evans stk  |t 0 
952 f f |a Texas A&M University  |b College Station  |c Sterling C. Evans Library  |d Evans: Library Stacks  |e NK1700 .A24  |h Library of Congress classification  |i unmediated -- volume  |k no.462  |l 2006:June  |m A14835095875  |p serial  |s Evans stk  |t 0 
952 f f |a Texas A&M University  |b College Station  |c Sterling C. Evans Library  |d Evans: Library Stacks  |e NK1700 .A24  |h Library of Congress classification  |i unmediated -- volume  |k 311=ns:163  |l 1992:ott.  |m A14816109738  |p serial  |s Evans stk  |t 0 
952 f f |a Texas A&M University  |b College Station  |c Sterling C. Evans Library  |d Evans: Library Stacks  |e NK1700 .A24  |h Library of Congress classification  |i unmediated -- volume  |k no.125  |l 1974:maggio  |m A14836418416  |p serial  |s Evans stk  |t 0 
952 f f |a Texas A&M University  |b College Station  |c Sterling C. Evans Library  |d Evans: Library Stacks  |e NK1700 .A24  |h Library of Congress classification  |i unmediated -- volume  |k [no.] 538  |l 2014:Oct.  |m A14843318016  |p serial  |s Evans stk  |t 0 
952 f f |a Texas A&M University  |b College Station  |c Sterling C. Evans Library  |d Evans: Library Stacks  |e NK1700 .A24  |h Library of Congress classification  |i unmediated -- volume  |k [no.] 531-532  |l 2013:Apr.-May  |m A14843318057  |p serial  |s Evans stk  |t 0 
952 f f |a Texas A&M University  |b College Station  |c Sterling C. Evans Library  |d Evans: Library Stacks  |e NK1700 .A24  |h Library of Congress classification  |i unmediated -- volume  |k no.346  |l 1995:dic.  |m A14819933495  |p serial  |s Evans stk  |t 0 
952 f f |a Texas A&M University  |b College Station  |c Sterling C. Evans Library  |d Evans: Library Stacks  |e NK1700 .A24  |h Library of Congress classification  |i unmediated -- volume  |k no.395  |l 2000:May  |m A14826404944  |p serial  |s Evans stk  |t 0 
952 f f |a Texas A&M University  |b College Station  |c Sterling C. Evans Library  |d Evans: Library Stacks  |e NK1700 .A24  |h Library of Congress classification  |i unmediated -- volume  |k no.348  |l 1996:febbr.  |m A14820106302  |p serial  |s Evans stk  |t 0 
952 f f |a Texas A&M University  |b College Station  |c Sterling C. Evans Library  |d Evans: Library Stacks  |e NK1700 .A24  |h Library of Congress classification  |i unmediated -- volume  |k no.527-528  |l 2012/2013:Nov.-Dec./Jan.  |m A14842042336  |p serial  |s Evans stk  |t 0 
952 f f |a Texas A&M University  |b College Station  |c Sterling C. Evans Library  |d Evans: Library Stacks  |e NK1700 .A24  |h Library of Congress classification  |i unmediated -- volume  |k no.515-516  |l 2011:Sept.-Oct.  |m A14842042278  |p serial  |s Evans stk  |t 0 
952 f f |a Texas A&M University  |b College Station  |c Sterling C. Evans Library  |d Evans: Library Stacks  |e NK1700 .A24  |h Library of Congress classification  |i unmediated -- volume  |k no.296/297  |l 1991  |m A14815090499  |p serial  |s Evans stk  |t 0 
952 f f |a Texas A&M University  |b College Station  |c Sterling C. Evans Library  |d Evans: Library Stacks  |e NK1700 .A24  |h Library of Congress classification  |i unmediated -- volume  |k [no.] 575-576  |l 2018:June-July/Aug.  |m A14850393811  |p serial  |s Evans stk  |t 0 
952 f f |a Texas A&M University  |b College Station  |c Sterling C. Evans Library  |d Evans: Library Stacks  |e NK1700 .A24  |h Library of Congress classification  |i unmediated -- volume  |k no.393  |l 2000:mar  |m A14826404863  |p serial  |s Evans stk  |t 0 
952 f f |a Texas A&M University  |b College Station  |c Sterling C. Evans Library  |d Evans: Library Stacks  |e NK1700 .A24  |h Library of Congress classification  |i unmediated -- volume  |k no.456  |l 2005:Dic.  |m A14833457437  |p serial  |s Evans stk  |t 0 
952 f f |p serial  |a Texas A&M University  |b College Station  |c Sterling C. Evans Library  |s Evans stk  |d Evans: Library Stacks  |t 0  |e NK1700 .A24  |h Library of Congress classification  |i unmediated -- volume  |l 1993:Index  |m A14819005852 
952 f f |a Texas A&M University  |b College Station  |c Sterling C. Evans Library  |d Evans: Library Stacks  |e NK1700 .A24  |h Library of Congress classification  |i unmediated -- volume  |k [no.] 555-556  |l 2016:June-July/Aug.  |m A14850350514  |p serial  |s Evans stk  |t 0 
952 f f |a Texas A&M University  |b College Station  |c Sterling C. Evans Library  |d Evans: Library Stacks  |e NK1700 .A24  |h Library of Congress classification  |i unmediated -- volume  |k no.480  |l 2008:Mar.  |m A14837120406  |p serial  |s Evans stk  |t 0 
952 f f |a Texas A&M University  |b College Station  |c Sterling C. Evans Library  |d Evans: Library Stacks  |e NK1700 .A24  |h Library of Congress classification  |i unmediated -- volume  |k no.372  |l 1998:April  |m A14823747717  |p serial  |s Evans stk  |t 0 
952 f f |a Texas A&M University  |b College Station  |c Sterling C. Evans Library  |d Evans: Library Stacks  |e NK1700 .A24  |h Library of Congress classification  |i unmediated -- volume  |k no.271/272  |l 1989  |m A14812927215  |p serial  |s Evans stk  |t 0 
952 f f |a Texas A&M University  |b College Station  |c Sterling C. Evans Library  |d Evans: Library Stacks  |e NK1700 .A24  |h Library of Congress classification  |i unmediated -- volume  |k no.445  |l 2004:dic  |m A14833701991  |p serial  |s Evans stk  |t 0 
952 f f |a Texas A&M University  |b College Station  |c Sterling C. Evans Library  |d Evans: Library Stacks  |e NK1700 .A24  |h Library of Congress classification  |i unmediated -- volume  |k no.327  |l 1994:mar  |m A14818396577  |p serial  |s Evans stk  |t 0 
952 f f |a Texas A&M University  |b College Station  |c Sterling C. Evans Library  |d Evans: Library Stacks  |e NK1700 .A24  |h Library of Congress classification  |i unmediated -- volume  |k no.394  |l 2000:april  |m A14826404821  |p serial  |s Evans stk  |t 0 
952 f f |a Texas A&M University  |b College Station  |c Sterling C. Evans Library  |d Evans: Library Stacks  |e NK1700 .A24  |h Library of Congress classification  |i unmediated -- volume  |k no.357  |l 1996:Dec  |m A14820733997  |p serial  |s Evans stk  |t 0 
952 f f |p serial  |a Texas A&M University  |b College Station  |c Sterling C. Evans Library  |s Evans stk  |d Evans: Library Stacks  |t 0  |e NK1700 .A24  |h Library of Congress classification  |i unmediated -- volume  |l 1987:Index  |m A14811815059 
952 f f |a Texas A&M University  |b College Station  |c Sterling C. Evans Library  |d Evans: Library Stacks  |e NK1700 .A24  |h Library of Congress classification  |i unmediated -- volume  |k no.422/423  |l 2002:nov.-dic.  |m A14830348320  |p serial  |s Evans stk  |t 0 
952 f f |a Texas A&M University  |b College Station  |c Sterling C. Evans Library  |d Evans: Library Stacks  |e NK1700 .A24  |h Library of Congress classification  |i unmediated -- volume  |k no.384  |l 1999:May  |m A14824875961  |p serial  |s Evans stk  |t 0 
952 f f |a Texas A&M University  |b College Station  |c Sterling C. Evans Library  |d Evans: Library Stacks  |e NK1700 .A24  |h Library of Congress classification  |i unmediated -- volume  |k no.378  |l 1998:Nov  |m A14823764612  |p serial  |s Evans stk  |t 0 
952 f f |a Texas A&M University  |b College Station  |c Sterling C. Evans Library  |d Evans: Library Stacks  |e NK1700 .A24  |h Library of Congress classification  |i unmediated -- volume  |k no.374  |l 1998:June  |m A14823747814  |p serial  |s Evans stk  |t 0 
952 f f |a Texas A&M University  |b College Station  |c Sterling C. Evans Library  |d Evans: Library Stacks  |e NK1700 .A24  |h Library of Congress classification  |i unmediated -- volume  |k no.482  |l 2008  |m A14837299417  |p serial  |s Evans stk  |t 0 
952 f f |a Texas A&M University  |b College Station  |c Sterling C. Evans Library  |d Evans: Library Stacks  |e NK1700 .A24  |h Library of Congress classification  |i unmediated -- volume  |k no.402-403  |l 2001:jan.-feb.  |m A14828217393  |p serial  |s Evans stk  |t 0 
952 f f |a Texas A&M University  |b College Station  |c Sterling C. Evans Library  |d Evans: Library Stacks  |e NK1700 .A24  |h Library of Congress classification  |i unmediated -- volume  |k 304=ns:157  |l 1992:febbr.  |m A14816109500  |p serial  |s Evans stk  |t 0 
952 f f |a Texas A&M University  |b College Station  |c Sterling C. Evans Library  |d Evans: Library Stacks  |e NK1700 .A24  |h Library of Congress classification  |i unmediated -- volume  |k no.476  |l 2007:Oct.  |m A14837105749  |p serial  |s Evans stk  |t 0 
952 f f |a Texas A&M University  |b College Station  |c Sterling C. Evans Library  |d Evans: Library Stacks  |e NK1700 .A24  |h Library of Congress classification  |i unmediated -- volume  |k no.418/419  |l 2002:giugno-ag.  |m A14830341603  |p serial  |s Evans stk  |t 0 
952 f f |a Texas A&M University  |b College Station  |c Sterling C. Evans Library  |d Evans: Library Stacks  |e NK1700 .A24  |h Library of Congress classification  |i unmediated -- volume  |k no.397  |l 2000:Jully/Aug.  |m A14827268422  |p serial  |s Evans stk  |t 0 
952 f f |a Texas A&M University  |b College Station  |c Sterling C. Evans Library  |d Evans: Library Stacks  |e NK1700 .A24  |h Library of Congress classification  |i unmediated -- volume  |k no.313  |l 1992:dic.  |m A14817163620  |p serial  |s Evans stk  |t 0 
952 f f |a Texas A&M University  |b College Station  |c Sterling C. Evans Library  |d Evans: Library Stacks  |e NK1700 .A24  |h Library of Congress classification  |i unmediated -- volume  |k no.444  |l 2004:nov.  |m A14833706153  |p serial  |s Evans stk  |t 0 
952 f f |a Texas A&M University  |b College Station  |c Sterling C. Evans Library  |d Evans: Library Stacks  |e NK1700 .A24  |h Library of Congress classification  |i unmediated -- volume  |k [no.] 601-602  |l 2021:Jan./Feb.-Mar.  |m A14851507161  |p serial  |s Evans stk  |t 0 
952 f f |a Texas A&M University  |b College Station  |c Sterling C. Evans Library  |d Evans: Library Stacks  |e NK1700 .A24  |h Library of Congress classification  |i unmediated -- volume  |k no.457  |l 2006:Genn.  |m A14833457398  |p serial  |s Evans stk  |t 0 
952 f f |a Texas A&M University  |b College Station  |c Sterling C. Evans Library  |d Evans: Library Stacks  |e NK1700 .A24  |h Library of Congress classification  |i unmediated -- volume  |k no.447  |l 2005:Feb.  |m A14832863091  |p serial  |s Evans stk  |t 0 
952 f f |a Texas A&M University  |b College Station  |c Sterling C. Evans Library  |d Evans: Library Stacks  |e NK1700 .A24  |h Library of Congress classification  |i unmediated -- volume  |k no.495/496  |l 2009:Sept.-Oct.  |m A14838932660  |p serial  |s Evans stk  |t 0 
952 f f |a Texas A&M University  |b College Station  |c Sterling C. Evans Library  |d Evans: Library Stacks  |e NK1700 .A24  |h Library of Congress classification  |i unmediated -- volume  |k no.446  |l 2005:jan.  |m A14833701959  |p serial  |s Evans stk  |t 0 
952 f f |a Texas A&M University  |b College Station  |c Sterling C. Evans Library  |d Evans: Library Stacks  |e NK1700 .A24  |h Library of Congress classification  |i unmediated -- volume  |k [no.] 627  |l 2023:Sept.  |m A14852165449  |p serial  |s Evans stk  |t 0 
952 f f |a Texas A&M University  |b College Station  |c Sterling C. Evans Library  |d Evans: Library Stacks  |e NK1700 .A24  |h Library of Congress classification  |i unmediated -- volume  |k 308=ns:161  |l 1992:giugno  |m A14816109649  |p serial  |s Evans stk  |t 0 
952 f f |a Texas A&M University  |b College Station  |c Sterling C. Evans Library  |d Evans: At Bindery (Does not check out)  |e NK1700 .A24  |h Library of Congress classification  |i unmediated -- volume  |k [no.] 600  |l 2020:Dec.  |m A14852821892  |p serial  |s Evans at bindery  |t 0 
952 f f |a Texas A&M University  |b College Station  |c Sterling C. Evans Library  |d Evans: Library Stacks  |e NK1700 .A24  |h Library of Congress classification  |i unmediated -- volume  |k [no.] 565-566  |l 2017:June-July/Aug.  |m A14850349409  |p serial  |s Evans stk  |t 0 
952 f f |a Texas A&M University  |b College Station  |c Sterling C. Evans Library  |d Evans: Library Stacks  |e NK1700 .A24  |h Library of Congress classification  |i unmediated -- volume  |k no.330  |l 1994:giugno  |m A14818788059  |p serial  |s Evans stk  |t 0 
952 f f |a Texas A&M University  |b College Station  |c Sterling C. Evans Library  |d Evans: Library Stacks  |e NK1700 .A24  |h Library of Congress classification  |i unmediated -- volume  |k no.365  |l 1997:Sept.  |m A14822182998  |p serial  |s Evans stk  |t 0 
952 f f |a Texas A&M University  |b College Station  |c Sterling C. Evans Library  |d Evans: Library Stacks  |e NK1700 .A24  |h Library of Congress classification  |i unmediated -- volume  |k [no.] 595-596  |l 2020:June/July-Aug.  |m A14851488511  |p serial  |s Evans stk  |t 0 
952 f f |a Texas A&M University  |b College Station  |c Sterling C. Evans Library  |d Evans: Library Stacks  |e NK1700 .A24  |h Library of Congress classification  |i unmediated -- volume  |k 310=ns:162  |l 1992:sett.  |m A14816109681  |p serial  |s Evans stk  |t 0 
952 f f |a Texas A&M University  |b College Station  |c Sterling C. Evans Library  |d Evans: Library Stacks  |e NK1700 .A24  |h Library of Congress classification  |i unmediated -- volume  |k no.454  |l 2005:ott.  |m A14833457314  |p serial  |s Evans stk  |t 0 
952 f f |a Texas A&M University  |b College Station  |c Sterling C. Evans Library  |d Evans: Library Stacks  |e NK1700 .A24  |h Library of Congress classification  |i unmediated -- volume  |k no.251  |l 1987:genn./febbr.  |m A14811607333  |p serial  |s Evans stk  |t 0 
952 f f |a Texas A&M University  |b College Station  |c Sterling C. Evans Library  |d Evans: Library Stacks  |e NK1700 .A24  |h Library of Congress classification  |i unmediated -- volume  |k no.432  |l 2003:Oct.  |m A14831825391  |p serial  |s Evans stk  |t 0 
952 f f |a Texas A&M University  |b College Station  |c Sterling C. Evans Library  |d Evans: Library Stacks  |e NK1700 .A24  |h Library of Congress classification  |i unmediated -- volume  |k no.294  |l 1991:mar.  |m A14814364413  |p serial  |s Evans stk  |t 0 
952 f f |a Texas A&M University  |b College Station  |c Sterling C. Evans Library  |d Evans: Library Stacks  |e NK1700 .A24  |h Library of Congress classification  |i unmediated -- volume  |k no.197-200  |l 1981:sett.-dic.  |m A14813886014  |p serial  |s Evans stk  |t 0 
952 f f |a Texas A&M University  |b College Station  |c Sterling C. Evans Library  |d Evans: Library Stacks  |e NK1700 .A24  |h Library of Congress classification  |i unmediated -- volume  |k no.382  |l 1999:mar.  |m A14824911385  |p serial  |s Evans stk  |t 0 
952 f f |a Texas A&M University  |b College Station  |c Sterling C. Evans Library  |d Evans: Library Stacks  |e NK1700 .A24  |h Library of Congress classification  |i unmediated -- volume  |k [no.] 545-546  |l 2015:June-July/Aug.  |m A14843318214  |p serial  |s Evans stk  |t 0 
952 f f |p serial  |a Texas A&M University  |b College Station  |c Sterling C. Evans Library  |s Evans stk  |d Evans: Library Stacks  |t 0  |e NK1700 .A24  |h Library of Congress classification  |i unmediated -- volume  |l 1990:suppl.  |m A14814661679 
952 f f |a Texas A&M University  |b College Station  |c Sterling C. Evans Library  |d Evans: Library Stacks  |e NK1700 .A24  |h Library of Congress classification  |i unmediated -- volume  |k no.391  |l 2000:Jan  |m A14826009998  |p serial  |s Evans stk  |t 0 
952 f f |a Texas A&M University  |b College Station  |c Sterling C. Evans Library  |d Evans: Library Stacks  |e NK1700 .A24  |h Library of Congress classification  |i unmediated -- volume  |k no.523-524  |l 2012:Jun.-Jul./Aug.  |m A14842042310  |p serial  |s Evans stk  |t 0 
952 f f |a Texas A&M University  |b College Station  |c Sterling C. Evans Library  |d Evans: Library Stacks  |e NK1700 .A24  |h Library of Congress classification  |i unmediated -- volume  |k no.487  |l 2008:Nov.  |m A14834770634  |p serial  |s Evans stk  |t 0 
952 f f |a Texas A&M University  |b College Station  |c Sterling C. Evans Library  |d Evans: Library Stacks  |e NK1700 .A24  |h Library of Congress classification  |i unmediated -- volume  |k no.312  |l 1992:nov.  |m A14817164066  |p serial  |s Evans stk  |t 0 
952 f f |a Texas A&M University  |b College Station  |c Sterling C. Evans Library  |d Evans: Library Stacks  |e NK1700 .A24  |h Library of Congress classification  |i unmediated -- volume  |k no.295  |l 1991:apr.  |m A14814365118  |p serial  |s Evans stk  |t 0 
952 f f |p serial  |a Texas A&M University  |b College Station  |c Sterling C. Evans Library  |s Evans stk  |d Evans: Library Stacks  |t 0  |e NK1700 .A24  |h Library of Congress classification  |i unmediated -- volume  |l 1988:Index  |m A14811815009 
952 f f |a Texas A&M University  |b College Station  |c Sterling C. Evans Library  |d Evans: Library Stacks  |e NK1700 .A24  |h Library of Congress classification  |i unmediated -- volume  |k no.354  |l 1996:Sept.  |m A14820591604  |p serial  |s Evans stk  |t 0 
952 f f |a Texas A&M University  |b College Station  |c Sterling C. Evans Library  |d Evans: Library Stacks  |e NK1700 .A24  |h Library of Congress classification  |i unmediated -- volume  |k [no.] 591-592  |l 2020:Jan./Feb.-Mar.  |m A14851488495  |p serial  |s Evans stk  |t 0 
952 f f |a Texas A&M University  |b College Station  |c Sterling C. Evans Library  |d Evans: Library Stacks  |e NK1700 .A24  |h Library of Congress classification  |i unmediated -- volume  |k no.292/293  |l 1991  |m A14814351779  |p serial  |s Evans stk  |t 0 
952 f f |a Texas A&M University  |b College Station  |c Sterling C. Evans Library  |d Evans: Library Stacks  |e NK1700 .A24  |h Library of Congress classification  |i unmediated -- volume  |k no.377  |l 1998:Oct  |m A14823764565  |p serial  |s Evans stk  |t 0 
952 f f |a Texas A&M University  |b College Station  |c Sterling C. Evans Library  |d Evans: Library Stacks  |e NK1700 .A24  |h Library of Congress classification  |i unmediated -- volume  |k no.438  |l 2004:Apr.  |m A14831463636  |p serial  |s Evans stk  |t 0 
952 f f |a Texas A&M University  |b College Station  |c Sterling C. Evans Library  |d Evans: Library Stacks  |e NK1700 .A24  |h Library of Congress classification  |i unmediated -- volume  |k no.359  |l 1997:Feb.  |m A14821520410  |p serial  |s Evans stk  |t 0 
952 f f |a Texas A&M University  |b College Station  |c Sterling C. Evans Library  |d Evans: Library Stacks  |e NK1700 .A24  |h Library of Congress classification  |i unmediated -- volume  |k no.361  |l 1997:Apr  |m A14821520567  |p serial  |s Evans stk  |t 0 
952 f f |a Texas A&M University  |b College Station  |c Sterling C. Evans Library  |d Evans: Library Stacks  |e NK1700 .A24  |h Library of Congress classification  |i unmediated -- volume  |k no.298/299  |l 1991  |m A14815168828  |p serial  |s Evans stk  |t 0 
952 f f |a Texas A&M University  |b College Station  |c Sterling C. Evans Library  |d Evans: Library Stacks  |e NK1700 .A24  |h Library of Congress classification  |i unmediated -- volume  |k no.435/436  |l 2004:Jan.-Feb.  |m A14831825472  |p serial  |s Evans stk  |t 0 
952 f f |a Texas A&M University  |b College Station  |c Sterling C. Evans Library  |d Evans: Library Stacks  |e NK1700 .A24  |h Library of Congress classification  |i unmediated -- volume  |k [no.] 535-536  |l 2013:Sept/Oct.-Nov./Dec.  |m A14843318032  |p serial  |s Evans stk  |t 0 
952 f f |a Texas A&M University  |b College Station  |c Sterling C. Evans Library  |d Evans: Library Stacks  |e NK1700 .A24  |h Library of Congress classification  |i unmediated -- volume  |k [no.] 533-534  |l 2013:June-July/Aug.  |m A14843318040  |p serial  |s Evans stk  |t 0 
952 f f |a Texas A&M University  |b College Station  |c Sterling C. Evans Library  |d Evans: Library Stacks  |e NK1700 .A24  |h Library of Congress classification  |i unmediated -- volume  |k no.290/291  |l 1990  |m A14814661629  |p serial  |s Evans stk  |t 0 
952 f f |a Texas A&M University  |b College Station  |c Sterling C. Evans Library  |d Evans: Library Stacks  |e NK1700 .A24  |h Library of Congress classification  |i unmediated -- volume  |k no.483  |l 2008  |m A14837299378  |p serial  |s Evans stk  |t 0 
952 f f |a Texas A&M University  |b College Station  |c Sterling C. Evans Library  |d Evans: Library Stacks  |e NK1700 .A24  |h Library of Congress classification  |i unmediated -- volume  |k no.286/287  |l 1990  |m A14814661522  |p serial  |s Evans stk  |t 0 
952 f f |a Texas A&M University  |b College Station  |c Sterling C. Evans Library  |d Evans: Library Stacks  |e NK1700 .A24  |h Library of Congress classification  |i unmediated -- volume  |k no.97-104  |l 1971/1972  |m A14813880212  |p serial  |s Evans stk  |t 0 
952 f f |a Texas A&M University  |b College Station  |c Sterling C. Evans Library  |d Evans: Library Stacks  |e NK1700 .A24  |h Library of Congress classification  |i unmediated -- volume  |k no.437  |l 2004:Mar.  |m A14831464195  |p serial  |s Evans stk  |t 0 
952 f f |a Texas A&M University  |b College Station  |c Sterling C. Evans Library  |d Evans: Library Stacks  |e NK1700 .A24  |h Library of Congress classification  |i unmediated -- volume  |k no.127  |l 1974:lugilo/ag.  |m A14836418377  |p serial  |s Evans stk  |t 0 
952 f f |a Texas A&M University  |b College Station  |c Sterling C. Evans Library  |d Evans: Library Stacks  |e NK1700 .A24  |h Library of Congress classification  |i unmediated -- volume  |k no.320  |l 1993:luglio/ag.  |m A14817873835  |p serial  |s Evans stk  |t 0 
952 f f |a Texas A&M University  |b College Station  |c Sterling C. Evans Library  |d Evans: Library Stacks  |e NK1700 .A24  |h Library of Congress classification  |i unmediated -- volume  |k no.468  |l 2007:Jan.  |m A14835869703  |p serial  |s Evans stk  |t 0 
952 f f |a Texas A&M University  |b College Station  |c Sterling C. Evans Library  |d Evans: Library Stacks  |e NK1700 .A24  |h Library of Congress classification  |i unmediated -- volume  |k no.390  |l 1999:Dec  |m A14826009980  |p serial  |s Evans stk  |t 0 
952 f f |a Texas A&M University  |b College Station  |c Sterling C. Evans Library  |d Evans: Library Stacks  |e NK1700 .A24  |h Library of Congress classification  |i unmediated -- volume  |k no.525-526  |l 2012:Sept.-Oct.  |m A14842042328  |p serial  |s Evans stk  |t 0 
952 f f |a Texas A&M University  |b College Station  |c Sterling C. Evans Library  |d Evans: Library Stacks  |e NK1700 .A24  |h Library of Congress classification  |i unmediated -- volume  |k no.505-506  |l 2010:Sept.-Oct.  |m A14842042229  |p serial  |s Evans stk  |t 0 
952 f f |a Texas A&M University  |b College Station  |c Sterling C. Evans Library  |d Evans: Library Stacks  |e NK1700 .A24  |h Library of Congress classification  |i unmediated -- volume  |k no.389  |l 1999:Nov  |m A14826009972  |p serial  |s Evans stk  |t 0 
952 f f |a Texas A&M University  |b College Station  |c Sterling C. Evans Library  |d Evans: Library Stacks  |e NK1700 .A24  |h Library of Congress classification  |i unmediated -- volume  |k no.479  |l 2008:Feb.  |m A14837120511  |p serial  |s Evans stk  |t 0 
952 f f |a Texas A&M University  |b College Station  |c Sterling C. Evans Library  |d Evans: At Bindery (Does not check out)  |e NK1700 .A24  |h Library of Congress classification  |i unmediated -- volume  |k [no.]637-638  |l 2024:Sep.-Oct.  |m A14852824219  |p serial  |s Evans at bindery  |t 0 
952 f f |a Texas A&M University  |b College Station  |c Sterling C. Evans Library  |d Evans: Library Stacks  |e NK1700 .A24  |h Library of Congress classification  |i unmediated -- volume  |k no.371  |l 1998:Mar.  |m A14823747660  |p serial  |s Evans stk  |t 0 
952 f f |a Texas A&M University  |b College Station  |c Sterling C. Evans Library  |d Evans: Library Stacks  |e NK1700 .A24  |h Library of Congress classification  |i unmediated -- volume  |k 309=no.162  |l 1992:luglio/ag.  |m A14816109699  |p serial  |s Evans stk  |t 0 
952 f f |a Texas A&M University  |b College Station  |c Sterling C. Evans Library  |d Evans: Library Stacks  |e NK1700 .A24  |h Library of Congress classification  |i unmediated -- volume  |k [no.] 589-590  |l 2019:Nov.-Dec.  |m A14851484247  |p serial  |s Evans stk  |t 0 
952 f f |a Texas A&M University  |b College Station  |c Sterling C. Evans Library  |d Evans: Library Stacks  |e NK1700 .A24  |h Library of Congress classification  |i unmediated -- volume  |k no.263/264  |l 1988  |m A14811782646  |p serial  |s Evans stk  |t 0 
952 f f |a Texas A&M University  |b College Station  |c Sterling C. Evans Library  |d Evans: Library Stacks  |e NK1700 .A24  |h Library of Congress classification  |i unmediated -- volume  |k no.471  |l 2007:apr.  |m A14836450905  |p serial  |s Evans stk  |t 0 
952 f f |a Texas A&M University  |b College Station  |c Sterling C. Evans Library  |d Evans: Library Stacks  |e NK1700 .A24  |h Library of Congress classification  |i unmediated -- volume  |k no.461  |l 2006:May  |m A14835095833  |p serial  |s Evans stk  |t 0 
952 f f |a Texas A&M University  |b College Station  |c Sterling C. Evans Library  |d Evans: Library Stacks  |e NK1700 .A24  |h Library of Congress classification  |i unmediated -- volume  |k no.449  |l 2005:Apr.  |m A14832863172  |p serial  |s Evans stk  |t 0 
952 f f |a Texas A&M University  |b College Station  |c Sterling C. Evans Library  |d Evans: Library Stacks  |e NK1700 .A24  |h Library of Congress classification  |i unmediated -- volume  |k no.360  |l 1997:Mar.  |m A14821520460  |p serial  |s Evans stk  |t 0 
952 f f |a Texas A&M University  |b College Station  |c Sterling C. Evans Library  |d Evans: Library Stacks  |e NK1700 .A24  |h Library of Congress classification  |i unmediated -- volume  |k no.368  |l 1997:Dec.  |m A14822181277  |p serial  |s Evans stk  |t 0 
952 f f |a Texas A&M University  |b College Station  |c Sterling C. Evans Library  |d Evans: Library Stacks  |e NK1700 .A24  |h Library of Congress classification  |i unmediated -- volume  |k no.501-502  |l 2010:Apr.-May  |m A14842042203  |p serial  |s Evans stk  |t 0 
952 f f |a Texas A&M University  |b College Station  |c Sterling C. Evans Library  |d Evans: Library Stacks  |e NK1700 .A24  |h Library of Congress classification  |i unmediated -- volume  |k no.182/183  |l 1982:mar.-apr.  |m A14832856183  |p serial  |s Evans stk  |t 0 
952 f f |a Texas A&M University  |b College Station  |c Sterling C. Evans Library  |d Evans: Library Stacks  |e NK1700 .A24  |h Library of Congress classification  |i unmediated -- volume  |k no.265/266  |l 1988  |m A14811783309  |p serial  |s Evans stk  |t 0 
952 f f |a Texas A&M University  |b College Station  |c Sterling C. Evans Library  |d Evans: Library Stacks  |e NK1700 .A24  |h Library of Congress classification  |i unmediated -- volume  |k [no.]625-626  |l 2023:June-Jl./Aug.  |m A14852069559  |p serial  |s Evans stk  |t 0 
952 f f |a Texas A&M University  |b College Station  |c Sterling C. Evans Library  |d Evans: Library Stacks  |e NK1700 .A24  |h Library of Congress classification  |i unmediated -- volume  |k no.373  |l 1998:May  |m A14823747767  |p serial  |s Evans stk  |t 0 
952 f f |a Texas A&M University  |b College Station  |c Sterling C. Evans Library  |d Evans: Library Stacks  |e NK1700 .A24  |h Library of Congress classification  |i unmediated -- volume  |k no.334  |l 1994:nov.  |m A14818842099  |p serial  |s Evans stk  |t 0 
952 f f |a Texas A&M University  |b College Station  |c Sterling C. Evans Library  |d Evans: Library Stacks  |e NK1700 .A24  |h Library of Congress classification  |i unmediated -- volume  |k no.267/268  |l 1988  |m A14811783252  |p serial  |s Evans stk  |t 0 
952 f f |a Texas A&M University  |b College Station  |c Sterling C. Evans Library  |d Evans: Library Stacks  |e NK1700 .A24  |h Library of Congress classification  |i unmediated -- volume  |k no.316  |l 1993:mar  |m A14817175774  |p serial  |s Evans stk  |t 0 
952 f f |a Texas A&M University  |b College Station  |c Sterling C. Evans Library  |d Evans: At Bindery (Does not check out)  |e NK1700 .A24  |h Library of Congress classification  |i unmediated -- volume  |k [no.]641-642  |l 2025:Jan./Feb.-Mar.  |m A14852824235  |p serial  |s Evans at bindery  |t 0 
952 f f |a Texas A&M University  |b College Station  |c Sterling C. Evans Library  |d Evans: Library Stacks  |e NK1700 .A24  |h Library of Congress classification  |i unmediated -- volume  |k no.319  |l 1993:giugno  |m A14817212568  |p serial  |s Evans stk  |t 0 
952 f f |a Texas A&M University  |b College Station  |c Sterling C. Evans Library  |d Evans: Library Stacks  |e NK1700 .A24  |h Library of Congress classification  |i unmediated -- volume  |k no.352  |l 1996:giugno  |m A14820591719  |p serial  |s Evans stk  |t 0 
952 f f |p serial  |a Texas A&M University  |b College Station  |c Sterling C. Evans Library  |s Evans stk  |d Evans: Library Stacks  |t 0  |e NK1700 .A24  |h Library of Congress classification  |i unmediated -- volume  |l 1997:Index  |m A14825283997 
952 f f |a Texas A&M University  |b College Station  |c Sterling C. Evans Library  |d Evans: At Bindery (Does not check out)  |e NK1700 .A24  |h Library of Congress classification  |i unmediated -- volume  |k [no.]639-640  |l 2024:Nov.-Dec.  |m A14852824227  |p serial  |s Evans at bindery  |t 0 
952 f f |a Texas A&M University  |b College Station  |c Sterling C. Evans Library  |d Evans: Library Stacks  |e NK1700 .A24  |h Library of Congress classification  |i unmediated -- volume  |k no.261/262  |l 1988  |m A14811782696  |p serial  |s Evans stk  |t 0 
952 f f |a Texas A&M University  |b College Station  |c Sterling C. Evans Library  |d Evans: Library Stacks  |e NK1700 .A24  |h Library of Congress classification  |i unmediated -- volume  |k no.277  |l 1989:sett.  |m A14812919458  |p serial  |s Evans stk  |t 0 
952 f f |a Texas A&M University  |b College Station  |c Sterling C. Evans Library  |d Evans: Library Stacks  |e NK1700 .A24  |h Library of Congress classification  |i unmediated -- volume  |k [no.] 605-606  |l 2021:June-July/Aug.  |m A14851507187  |p serial  |s Evans stk  |t 0 
952 f f |a Texas A&M University  |b College Station  |c Sterling C. Evans Library  |d Evans: Library Stacks  |e NK1700 .A24  |h Library of Congress classification  |i unmediated -- volume  |k no.347  |l 1996:genn.  |m A14820106310  |p serial  |s Evans stk  |t 0 
952 f f |a Texas A&M University  |b College Station  |c Sterling C. Evans Library  |d Evans: Library Stacks  |e NK1700 .A24  |h Library of Congress classification  |i unmediated -- volume  |k no.379  |l 1998:Dec.  |m A14824911335  |p serial  |s Evans stk  |t 0 
952 f f |a Texas A&M University  |b College Station  |c Sterling C. Evans Library  |d Evans: Library Stacks  |e NK1700 .A24  |h Library of Congress classification  |i unmediated -- volume  |k no.477  |l 2007:Nov.  |m A14837105781  |p serial  |s Evans stk  |t 0 
952 f f |a Texas A&M University  |b College Station  |c Sterling C. Evans Library  |d Evans: Library Stacks  |e NK1700 .A24  |h Library of Congress classification  |i unmediated -- volume  |k no.412-413  |l 2001/2002:dic.-genn.  |m A14829654221  |p serial  |s Evans stk  |t 0 
952 f f |a Texas A&M University  |b College Station  |c Sterling C. Evans Library  |d Evans: Library Stacks  |e NK1700 .A24  |h Library of Congress classification  |i unmediated -- volume  |k [no.] 599  |l 2020:Nov.  |m A14851499492  |p serial  |s Evans stk  |t 0 
952 f f |a Texas A&M University  |b College Station  |c Sterling C. Evans Library  |d Evans: Library Stacks  |e NK1700 .A24  |h Library of Congress classification  |i unmediated -- volume  |k no.420/421  |l 2002:sett.-ott.  |m A14830348362  |p serial  |s Evans stk  |t 0 
952 f f |a Texas A&M University  |b College Station  |c Sterling C. Evans Library  |d Evans: Library Stacks  |e NK1700 .A24  |h Library of Congress classification  |i unmediated -- volume  |k [no.] 603-604  |l 2021:Apr.-May  |m A14851507179  |p serial  |s Evans stk  |t 0 
952 f f |a Texas A&M University  |b College Station  |c Sterling C. Evans Library  |d Evans: Library Stacks  |e NK1700 .A24  |h Library of Congress classification  |i unmediated -- volume  |k no.430/431  |l 2003:July-Sept.  |m A14831825430  |p serial  |s Evans stk  |t 0 
952 f f |a Texas A&M University  |b College Station  |c Sterling C. Evans Library  |d Evans: Library Stacks  |e NK1700 .A24  |h Library of Congress classification  |i unmediated -- volume  |k [no.]629-630  |l 2023:Nov.-Dec.  |m A14852070623  |p serial  |s Evans stk  |t 0 
952 f f |a Texas A&M University  |b College Station  |c Sterling C. Evans Library  |d Evans: At Bindery (Does not check out)  |e NK1700 .A24  |h Library of Congress classification  |i unmediated -- volume  |k [no.]649-650  |l 2025:Nov.-Dec.  |m A14852824276  |p serial  |s Evans at bindery  |t 0 
952 f f |a Texas A&M University  |b College Station  |c Sterling C. Evans Library  |d Evans: Library Stacks  |e NK1700 .A24  |h Library of Congress classification  |i unmediated -- volume  |k no.343  |l 1995:sett.  |m A14819933526  |p serial  |s Evans stk  |t 0 
952 f f |a Texas A&M University  |b College Station  |c Sterling C. Evans Library  |d Evans: Library Stacks  |e NK1700 .A24  |h Library of Congress classification  |i unmediated -- volume  |k no.484  |l 2008:July/Aug,  |m A14837305658  |p serial  |s Evans stk  |t 0 
952 f f |a Texas A&M University  |b College Station  |c Sterling C. Evans Library  |d Evans: Library Stacks  |e NK1700 .A24  |h Library of Congress classification  |i unmediated -- volume  |k no.428/429  |l 2003:magg.-giugno  |m A14830646859  |p serial  |s Evans stk  |t 0 
952 f f |a Texas A&M University  |b College Station  |c Sterling C. Evans Library  |d Evans: Library Stacks  |e NK1700 .A24  |h Library of Congress classification  |i unmediated -- volume  |k no.281-283  |l 1990  |m A14814660136  |p serial  |s Evans stk  |t 0 
952 f f |a Texas A&M University  |b College Station  |c Sterling C. Evans Library  |d Evans: Library Stacks  |e NK1700 .A24  |h Library of Congress classification  |i unmediated -- volume  |k [no.] 553-554  |l 2016:Apr.-May  |m A14843541203  |p serial  |s Evans stk  |t 0 
952 f f |a Texas A&M University  |b College Station  |c Sterling C. Evans Library  |d Evans: Library Stacks  |e NK1700 .A24  |h Library of Congress classification  |i unmediated -- volume  |k no.478  |l 2007/2008  |m A14837105862  |p serial  |s Evans stk  |t 0 
952 f f |a Texas A&M University  |b College Station  |c Sterling C. Evans Library  |d Evans: Library Stacks  |e NK1700 .A24  |h Library of Congress classification  |i unmediated -- volume  |k no.507-508  |l 2010:Nov.-Dec.  |m A14842042237  |p serial  |s Evans stk  |t 0 
952 f f |a Texas A&M University  |b College Station  |c Sterling C. Evans Library  |d Evans: Library Stacks  |e NK1700 .A24  |h Library of Congress classification  |i unmediated -- volume  |k no.341  |l 1995:giugno  |m A14819181771  |p serial  |s Evans stk  |t 0 
952 f f |a Texas A&M University  |b College Station  |c Sterling C. Evans Library  |d Evans: Library Stacks  |e NK1700 .A24  |h Library of Congress classification  |i unmediated -- volume  |k no.355  |l 1996:Oct  |m A14820733638  |p serial  |s Evans stk  |t 0 
952 f f |a Texas A&M University  |b College Station  |c Sterling C. Evans Library  |d Evans: Library Stacks  |e NK1700 .A24  |h Library of Congress classification  |i unmediated -- volume  |k no.258  |l 1987  |m A14812084156  |p serial  |s Evans stk  |t 0 
952 f f |a Texas A&M University  |b College Station  |c Sterling C. Evans Library  |d Evans: Library Stacks  |e NK1700 .A24  |h Library of Congress classification  |i unmediated -- volume  |k no.364  |l 1997:July  |m A14821520517  |p serial  |s Evans stk  |t 0 
952 f f |a Texas A&M University  |b College Station  |c Sterling C. Evans Library  |d Evans: Library Stacks  |e NK1700 .A24  |h Library of Congress classification  |i unmediated -- volume  |k no.497-498  |l 2009:Nov.-Dec.  |m A14842042187  |p serial  |s Evans stk  |t 0 
952 f f |a Texas A&M University  |b College Station  |c Sterling C. Evans Library  |d Evans: Library Stacks  |e NK1700 .A24  |h Library of Congress classification  |i unmediated -- volume  |k no.414-415  |l 2002:febbr.-mar.  |m A14829654263  |p serial  |s Evans stk  |t 0 
952 f f |a Texas A&M University  |b College Station  |c Sterling C. Evans Library  |d Evans: Library Stacks  |e NK1700 .A24  |h Library of Congress classification  |i unmediated -- volume  |k no.376  |l 1998:Sept.  |m A14823764515  |p serial  |s Evans stk  |t 0 
952 f f |a Texas A&M University  |b College Station  |c Sterling C. Evans Library  |d Evans: Library Stacks  |e NK1700 .A24  |h Library of Congress classification  |i unmediated -- volume  |k no.363  |l 1997:June  |m A14821520664  |p serial  |s Evans stk  |t 0 
952 f f |a Texas A&M University  |b College Station  |c Sterling C. Evans Library  |d Evans: Library Stacks  |e NK1700 .A24  |h Library of Congress classification  |i unmediated -- volume  |k [no.] 571-572  |l 2018:Jan./Feb.-Mar.  |m A14850393795  |p serial  |s Evans stk  |t 0 
952 f f |a Texas A&M University  |b College Station  |c Sterling C. Evans Library  |d Evans: Library Stacks  |e NK1700 .A24  |h Library of Congress classification  |i unmediated -- volume  |k no.350  |l 1996:Aprile  |m A14820106289  |p serial  |s Evans stk  |t 0 
952 f f |a Texas A&M University  |b College Station  |c Sterling C. Evans Library  |d Evans: Library Stacks  |e NK1700 .A24  |h Library of Congress classification  |i unmediated -- volume  |k 305=ns:158  |l 1992:mar.  |m A14816109550  |p serial  |s Evans stk  |t 0 
952 f f |a Texas A&M University  |b College Station  |c Sterling C. Evans Library  |d Evans: Library Stacks  |e NK1700 .A24  |h Library of Congress classification  |i unmediated -- volume  |k no.302/303  |l 1991:dic.-genn.  |m A14815695061  |p serial  |s Evans stk  |t 0 
952 f f |a Texas A&M University  |b College Station  |c Sterling C. Evans Library  |d Evans: Library Stacks  |e NK1700 .A24  |h Library of Congress classification  |i unmediated -- volume  |k 307=ns:160  |l 1992:magg.  |m A14816109657  |p serial  |s Evans stk  |t 0 
952 f f |a Texas A&M University  |b College Station  |c Sterling C. Evans Library  |d Evans: Library Stacks  |e NK1700 .A24  |h Library of Congress classification  |i unmediated -- volume  |k no.358  |l 1997:Jan.  |m A14821520363  |p serial  |s Evans stk  |t 0 
952 f f |a Texas A&M University  |b College Station  |c Sterling C. Evans Library  |d Evans: Library Stacks  |e NK1700 .A24  |h Library of Congress classification  |i unmediated -- volume  |k no.459  |l 2006:mars.  |m A14835074918  |p serial  |s Evans stk  |t 0 
952 f f |a Texas A&M University  |b College Station  |c Sterling C. Evans Library  |d Evans: Library Stacks  |e NK1700 .A24  |h Library of Congress classification  |i unmediated -- volume  |k no.503-504  |l 2010:Jun.-Jul./Aug.  |m A14842042211  |p serial  |s Evans stk  |t 0 
952 f f |a Texas A&M University  |b College Station  |c Sterling C. Evans Library  |d Evans: Library Stacks  |e NK1700 .A24  |h Library of Congress classification  |i unmediated -- volume  |k no.472  |l 2007:magg.  |m A14836450947  |p serial  |s Evans stk  |t 0 
952 f f |a Texas A&M University  |b College Station  |c Sterling C. Evans Library  |d Evans: Library Stacks  |e NK1700 .A24  |h Library of Congress classification  |i unmediated -- volume  |k [no.] 543-544  |l 2015:Apr.-May  |m A14843318222  |p serial  |s Evans stk  |t 0 
952 f f |a Texas A&M University  |b College Station  |c Sterling C. Evans Library  |d Evans: Library Stacks  |e NK1700 .A24  |h Library of Congress classification  |i unmediated -- volume  |k no.311-313:Suppl.  |l 1992  |m A14820590161  |p serial  |s Evans stk  |t 0 
952 f f |a Texas A&M University  |b College Station  |c Sterling C. Evans Library  |d Evans: Library Stacks  |e NK1700 .A24  |h Library of Congress classification  |i unmediated -- volume  |k no.339  |l 1995:apr  |m A14819077338  |p serial  |s Evans stk  |t 0 
952 f f |a Texas A&M University  |b College Station  |c Sterling C. Evans Library  |d Evans: Library Stacks  |e NK1700 .A24  |h Library of Congress classification  |i unmediated -- volume  |k no.408/409  |l 2001:July-Sept.  |m A14828217262  |p serial  |s Evans stk  |t 0 
952 f f |a Texas A&M University  |b College Station  |c Sterling C. Evans Library  |d Evans: Library Stacks  |e NK1700 .A24  |h Library of Congress classification  |i unmediated -- volume  |k [no.] 541-542  |l 2015:Jan./Feb.-Mar.  |m A14843318230  |p serial  |s Evans stk  |t 0 
952 f f |a Texas A&M University  |b College Station  |c Sterling C. Evans Library  |d Evans: Library Stacks  |e NK1700 .A24  |h Library of Congress classification  |i unmediated -- volume  |k no.117/118  |l 1973  |m A14817706151  |p serial  |s Evans stk  |t 0 
952 f f |a Texas A&M University  |b College Station  |c Sterling C. Evans Library  |d Evans: Library Stacks  |e NK1700 .A24  |h Library of Congress classification  |i unmediated -- volume  |k no.332  |l 1994:sett.  |m A14818841289  |p serial  |s Evans stk  |t 0 
952 f f |a Texas A&M University  |b College Station  |c Sterling C. Evans Library  |d Evans: Library Stacks  |e NK1700 .A24  |h Library of Congress classification  |i unmediated -- volume  |k no.323  |l 1993:nov.  |m A14817873851  |p serial  |s Evans stk  |t 0 
952 f f |a Texas A&M University  |b College Station  |c Sterling C. Evans Library  |d Evans: Library Stacks  |e NK1700 .A24  |h Library of Congress classification  |i unmediated -- volume  |k no.367  |l 1997:Nov.  |m A14822183017  |p serial  |s Evans stk  |t 0 
952 f f |a Texas A&M University  |b College Station  |c Sterling C. Evans Library  |d Evans: Library Stacks  |e NK1700 .A24  |h Library of Congress classification  |i unmediated -- volume  |k no.340  |l 1995:magg.  |m A14819182028  |p serial  |s Evans stk  |t 0 
952 f f |a Texas A&M University  |b College Station  |c Sterling C. Evans Library  |d Evans: Library Stacks  |e NK1700 .A24  |h Library of Congress classification  |i unmediated -- volume  |k no.362  |l 1997:May  |m A14821520614  |p serial  |s Evans stk  |t 0 
952 f f |a Texas A&M University  |b College Station  |c Sterling C. Evans Library  |d Evans: Library Stacks  |e NK1700 .A24  |h Library of Congress classification  |i unmediated -- volume  |k no.443  |l 2004:oct.  |m A14833706195  |p serial  |s Evans stk  |t 0 
952 f f |a Texas A&M University  |b College Station  |c Sterling C. Evans Library  |d Evans: Library Stacks  |e NK1700 .A24  |h Library of Congress classification  |i unmediated -- volume  |k [no.] 577-578  |l 2018:Sept.-Oct.  |m A14850393829  |p serial  |s Evans stk  |t 0 
952 f f |a Texas A&M University  |b College Station  |c Sterling C. Evans Library  |d Evans: Library Stacks  |e NK1700 .A24  |h Library of Congress classification  |i unmediated -- volume  |k [no.] 597-598  |l 2020:Sept.-Oct.  |m A14851488529  |p serial  |s Evans stk  |t 0 
952 f f |a Texas A&M University  |b College Station  |c Sterling C. Evans Library  |d Evans: Library Stacks  |e NK1700 .A24  |h Library of Congress classification  |i unmediated -- volume  |k no.356  |l 1996:Nov  |m A14820733581  |p serial  |s Evans stk  |t 0 
952 f f |a Texas A&M University  |b College Station  |c Sterling C. Evans Library  |d Evans: Library Stacks  |e NK1700 .A24  |h Library of Congress classification  |i unmediated -- volume  |k [no.] 573-574  |l 2018:Apr.-May  |m A14850393803  |p serial  |s Evans stk  |t 0 
952 f f |a Texas A&M University  |b College Station  |c Sterling C. Evans Library  |d Evans: Library Stacks  |e NK1700 .A24  |h Library of Congress classification  |i unmediated -- volume  |k no.441-442  |l 2004:luglio/ag.-sett.  |m A14831505797  |p serial  |s Evans stk  |t 0 
952 f f |a Texas A&M University  |b College Station  |c Sterling C. Evans Library  |d Evans: Library Stacks  |e NK1700 .A24  |h Library of Congress classification  |i unmediated -- volume  |k 306=ns:159  |l 1992:apr.  |m A14816109607  |p serial  |s Evans stk  |t 0 
952 f f |a Texas A&M University  |b College Station  |c Sterling C. Evans Library  |d Evans: Library Stacks  |e NK1700 .A24  |h Library of Congress classification  |i unmediated -- volume  |k no.453  |l 2005:Sept.  |m A14833440210  |p serial  |s Evans stk  |t 0 
952 f f |a Texas A&M University  |b College Station  |c Sterling C. Evans Library  |d Evans: Library Stacks  |e NK1700 .A24  |h Library of Congress classification  |i unmediated -- volume  |k no.387  |l 1999:Sept  |m A14826158640  |p serial  |s Evans stk  |t 0 
952 f f |a Texas A&M University  |b College Station  |c Sterling C. Evans Library  |d Evans: Library Stacks  |e NK1700 .A24  |h Library of Congress classification  |i unmediated -- volume  |k [no.]619  |l 2022:nov.  |m A14851843590  |p serial  |s Evans stk  |t 0 
952 f f |a Texas A&M University  |b College Station  |c Sterling C. Evans Library  |d Evans: Library Stacks  |e NK1700 .A24  |h Library of Congress classification  |i unmediated -- volume  |k no.396  |l 2000:June  |m A14827268383  |p serial  |s Evans stk  |t 0 
952 f f |a Texas A&M University  |b College Station  |c Sterling C. Evans Library  |d Evans: Library Stacks  |e NK1700 .A24  |h Library of Congress classification  |i unmediated -- volume  |k no.328  |l 1994:apr  |m A14818396585  |p serial  |s Evans stk  |t 0 
952 f f |a Texas A&M University  |b College Station  |c Sterling C. Evans Library  |d Evans: At Bindery (Does not check out)  |e NK1700 .A24  |h Library of Congress classification  |i unmediated -- volume  |k [no.]635-636  |l 2024:Jun.-Jul./Aug.  |m A14852823609  |p serial  |s Evans at bindery  |t 0 
952 f f |a Texas A&M University  |b College Station  |c Sterling C. Evans Library  |d Evans: Library Stacks  |e NK1700 .A24  |h Library of Congress classification  |i unmediated -- volume  |k [no.] 585-586  |l 2019:June-July/Aug.  |m A14850936742  |p serial  |s Evans stk  |t 0 
952 f f |a Texas A&M University  |b College Station  |c Sterling C. Evans Library  |d Evans: Library Stacks  |e NK1700 .A24  |h Library of Congress classification  |i unmediated -- volume  |k no.511-512  |l 2011:Apr.-May  |m A14842042252  |p serial  |s Evans stk  |t 0 
952 f f |a Texas A&M University  |b College Station  |c Sterling C. Evans Library  |d Evans: Library Stacks  |e NK1700 .A24  |h Library of Congress classification  |i unmediated -- volume  |k no.273/274  |l 1989  |m A14812919351  |p serial  |s Evans stk  |t 0 
952 f f |a Texas A&M University  |b College Station  |c Sterling C. Evans Library  |d Evans: Library Stacks  |e NK1700 .A24  |h Library of Congress classification  |i unmediated -- volume  |k no.329  |l 1994:magg.  |m A14818396593  |p serial  |s Evans stk  |t 0 
952 f f |a Texas A&M University  |b College Station  |c Sterling C. Evans Library  |d Evans: Library Stacks  |e NK1700 .A24  |h Library of Congress classification  |i unmediated -- volume  |k [no.] 551-552  |l 2016:Jan./Feb.Mar.  |m A14843541195  |p serial  |s Evans stk  |t 0 
952 f f |a Texas A&M University  |b College Station  |c Sterling C. Evans Library  |d Evans: At Bindery (Does not check out)  |e NK1700 .A24  |h Library of Congress classification  |i unmediated -- volume  |k [no.]643-644  |l 2025:Apr.-May  |m A14852824243  |p serial  |s Evans at bindery  |t 0 
952 f f |a Texas A&M University  |b College Station  |c Sterling C. Evans Library  |d Evans: Library Stacks  |e NK1700 .A24  |h Library of Congress classification  |i unmediated -- volume  |k no.257  |l 1987  |m A14812084203  |p serial  |s Evans stk  |t 0 
952 f f |a Texas A&M University  |b College Station  |c Sterling C. Evans Library  |d Evans: Library Stacks  |e NK1700 .A24  |h Library of Congress classification  |i unmediated -- volume  |k no.325  |l 1994:genn.  |m A14818397418  |p serial  |s Evans stk  |t 0 
952 f f |a Texas A&M University  |b College Station  |c Sterling C. Evans Library  |d Evans: Library Stacks  |e NK1700 .A24  |h Library of Congress classification  |i unmediated -- volume  |k no.386  |l 1999:Aug  |m A14826158048  |p serial  |s Evans stk  |t 0 
952 f f |a Texas A&M University  |b College Station  |c Sterling C. Evans Library  |d Evans: Library Stacks  |e NK1700 .A24  |h Library of Congress classification  |i unmediated -- volume  |k no.489/490  |l 2009:Feb.-Mar.  |m A14838820504  |p serial  |s Evans stk  |t 0 
952 f f |p serial  |a Texas A&M University  |b College Station  |c Sterling C. Evans Library  |s Evans stk  |d Evans: Library Stacks  |t 0  |e NK1700 .A24  |h Library of Congress classification  |i unmediated -- volume  |l 2000-01:Index  |m A14829643660 
952 f f |a Texas A&M University  |b College Station  |c Sterling C. Evans Library  |d Evans: Library Stacks  |e NK1700 .A24  |h Library of Congress classification  |i unmediated -- volume  |k [no.] 563  |l 2017:Apr.  |m A14850349417  |p serial  |s Evans stk  |t 0 
952 f f |a Texas A&M University  |b College Station  |c Sterling C. Evans Library  |d Evans: Library Stacks  |e NK1700 .A24  |h Library of Congress classification  |i unmediated -- volume  |k no.481  |l 2008:Mar.  |m A14837120367  |p serial  |s Evans stk  |t 0 
952 f f |a Texas A&M University  |b College Station  |c Sterling C. Evans Library  |d Evans: Library Stacks  |e NK1700 .A24  |h Library of Congress classification  |i unmediated -- volume  |k no.458  |l 2006:Feb.  |m A14834627394  |p serial  |s Evans stk  |t 0 
952 f f |a Texas A&M University  |b College Station  |c Sterling C. Evans Library  |d Evans: Library Stacks  |e NK1700 .A24  |h Library of Congress classification  |i unmediated -- volume  |k no.486  |l 2008:Oct.  |m A14834764895  |p serial  |s Evans stk  |t 0 
952 f f |a Texas A&M University  |b College Station  |c Sterling C. Evans Library  |d Evans: Library Stacks  |e NK1700 .A24  |h Library of Congress classification  |i unmediated -- volume  |k [no.] 620  |l 2022:Dec.  |m A14852165555  |p serial  |s Evans stk  |t 0 
952 f f |a Texas A&M University  |b College Station  |c Sterling C. Evans Library  |d Evans: Library Stacks  |e NK1700 .A24  |h Library of Congress classification  |i unmediated -- volume  |k no.342  |l 1995:luglio/ag.  |m A14819342741  |p serial  |s Evans stk  |t 0 
952 f f |a Texas A&M University  |b College Station  |c Sterling C. Evans Library  |d Evans: Library Stacks  |e NK1700 .A24  |h Library of Congress classification  |i unmediated -- volume  |k [no.] 593-594  |l 2020:Apr.-May  |m A14851488503  |p serial  |s Evans stk  |t 0 
952 f f |a Texas A&M University  |b College Station  |c Sterling C. Evans Library  |d Evans: Library Stacks  |e NK1700 .A24  |h Library of Congress classification  |i unmediated -- volume  |k no.288/289  |l 1990  |m A14814661572  |p serial  |s Evans stk  |t 0 
952 f f |a Texas A&M University  |b College Station  |c Sterling C. Evans Library  |d Evans: Library Stacks  |e NK1700 .A24  |h Library of Congress classification  |i unmediated -- volume  |k no.519-520  |l 2012:Feb.-Mar.  |m A14842042294  |p serial  |s Evans stk  |t 0 
952 f f |a Texas A&M University  |b College Station  |c Sterling C. Evans Library  |d Evans: Library Stacks  |e NK1700 .A24  |h Library of Congress classification  |i unmediated -- volume  |k [no.] 557-558  |l 2016:Sept.-Oct.  |m A14850081523  |p serial  |s Evans stk  |t 0 
952 f f |a Texas A&M University  |b College Station  |c Sterling C. Evans Library  |d Evans: Library Stacks  |e NK1700 .A24  |h Library of Congress classification  |i unmediated -- volume  |k no.485  |l 2008:Sept  |m A14837305624  |p serial  |s Evans stk  |t 0 
952 f f |a Texas A&M University  |b College Station  |c Sterling C. Evans Library  |d Evans: Library Stacks  |e NK1700 .A24  |h Library of Congress classification  |i unmediated -- volume  |k no.314  |l 1993:genn.  |m A14817163670  |p serial  |s Evans stk  |t 0 
952 f f |a Texas A&M University  |b College Station  |c Sterling C. Evans Library  |d Evans: Library Stacks  |e NK1700 .A24  |h Library of Congress classification  |i unmediated -- volume  |k no.381  |l 1999:Feb.  |m A14824911238  |p serial  |s Evans stk  |t 0 
952 f f |a Texas A&M University  |b College Station  |c Sterling C. Evans Library  |d Evans: Library Stacks  |e NK1700 .A24  |h Library of Congress classification  |i unmediated -- volume  |k [no.]621-622  |l 2023:jan./feb.-mar.)  |m A14851843608  |p serial  |s Evans stk  |t 0 
952 f f |a Texas A&M University  |b College Station  |c Sterling C. Evans Library  |d Evans: Library Stacks  |e NK1700 .A24  |h Library of Congress classification  |i unmediated -- volume  |k [no.] 607-608  |l 2021:Sept.-Oct.  |m A14851512625  |p serial  |s Evans stk  |t 0 
952 f f |a Texas A&M University  |b College Station  |c Sterling C. Evans Library  |d Evans: Library Stacks  |e NK1700 .A24  |h Library of Congress classification  |i unmediated -- volume  |k no.455  |l 2005:Nov.  |m A14833457356  |p serial  |s Evans stk  |t 0 
952 f f |a Texas A&M University  |b College Station  |c Sterling C. Evans Library  |d Evans: Library Stacks  |e NK1700 .A24  |h Library of Congress classification  |i unmediated -- volume  |k no.284/285  |l 1990  |m A14814661475  |p serial  |s Evans stk  |t 0 
952 f f |a Texas A&M University  |b College Station  |c Sterling C. Evans Library  |d Evans: Library Stacks  |e NK1700 .A24  |h Library of Congress classification  |i unmediated -- volume  |k no.366  |l 1997:Oct.  |m A14822183009  |p serial  |s Evans stk  |t 0 
952 f f |a Texas A&M University  |b College Station  |c Sterling C. Evans Library  |d Evans: Library Stacks  |e NK1700 .A24  |h Library of Congress classification  |i unmediated -- volume  |k no.398  |l 2000:Sep.  |m A14827268414  |p serial  |s Evans stk  |t 0 
952 f f |a Texas A&M University  |b College Station  |c Sterling C. Evans Library  |d Evans: Library Stacks  |e NK1700 .A24  |h Library of Congress classification  |i unmediated -- volume  |k no.315  |l 1993:febbr.  |m A14817163727  |p serial  |s Evans stk  |t 0 
952 f f |a Texas A&M University  |b College Station  |c Sterling C. Evans Library  |d Evans: Library Stacks  |e NK1700 .A24  |h Library of Congress classification  |i unmediated -- volume  |k [no.] 611-612   |l 2022:genn./feb.-mar.  |m A14851803073  |p serial  |s Evans stk  |t 0 
952 f f |a Texas A&M University  |b College Station  |c Sterling C. Evans Library  |d Evans: Library Stacks  |e NK1700 .A24  |h Library of Congress classification  |i unmediated -- volume  |k no.399  |l 2000:Oct.  |m A14827268375  |p serial  |s Evans stk  |t 0 
952 f f |a Texas A&M University  |b College Station  |c Sterling C. Evans Library  |d Evans: Library Stacks  |e NK1700 .A24  |h Library of Congress classification  |i unmediated -- volume  |k no.416-417  |l 2002:apr.-magg.  |m A14829654271  |p serial  |s Evans stk  |t 0 
952 f f |a Texas A&M University  |b College Station  |c Sterling C. Evans Library  |d Evans: Library Stacks  |e NK1700 .A24  |h Library of Congress classification  |i unmediated -- volume  |k no.517-518  |l 2011/2012:Nov.-Dec./Jan.  |m A14842042286  |p serial  |s Evans stk  |t 0 
952 f f |a Texas A&M University  |b College Station  |c Sterling C. Evans Library  |d Evans: Library Stacks  |e NK1700 .A24  |h Library of Congress classification  |i unmediated -- volume  |k no.469  |l 2007  |m A14836138985  |p serial  |s Evans stk  |t 0 
952 f f |a Texas A&M University  |b College Station  |c Sterling C. Evans Library  |d Evans: Library Stacks  |e NK1700 .A24  |h Library of Congress classification  |i unmediated -- volume  |k no.337  |l 1995:febb  |m A14819077184  |p serial  |s Evans stk  |t 0 
952 f f |a Texas A&M University  |b College Station  |c Sterling C. Evans Library  |d Evans: Library Stacks  |e NK1700 .A24  |h Library of Congress classification  |i unmediated -- volume  |k no.488  |l 2008/2009:Dec./Jan.  |m A14834770595  |p serial  |s Evans stk  |t 0 
952 f f |a Texas A&M University  |b College Station  |c Sterling C. Evans Library  |d Evans: Library Stacks  |e NK1700 .A24  |h Library of Congress classification  |i unmediated -- volume  |k no.333  |l 1994:Ott.  |m A14818841239  |p serial  |s Evans stk  |t 0 
952 f f |a Texas A&M University  |b College Station  |c Sterling C. Evans Library  |d Evans: Library Stacks  |e NK1700 .A24  |h Library of Congress classification  |i unmediated -- volume  |k no.269/270  |l 1988  |m A14811783202  |p serial  |s Evans stk  |t 0 
952 f f |a Texas A&M University  |b College Station  |c Sterling C. Evans Library  |d Evans: Library Stacks  |e NK1700 .A24  |h Library of Congress classification  |i unmediated -- volume  |k no.259/260  |l 1987  |m A14812082099  |p serial  |s Evans stk  |t 0 
952 f f |a Texas A&M University  |b College Station  |c Sterling C. Evans Library  |d Evans: Library Stacks  |e NK1700 .A24  |h Library of Congress classification  |i unmediated -- volume  |k no.314:Index  |l 1993  |m A14825283206  |p serial  |s Evans stk  |t 0 
952 f f |a Texas A&M University  |b College Station  |c Sterling C. Evans Library  |d Evans: Library Stacks  |e NK1700 .A24  |h Library of Congress classification  |i unmediated -- volume  |k no.233  |l 1985:apr.  |m A14832856141  |p serial  |s Evans stk  |t 0 
952 f f |a Texas A&M University  |b College Station  |c Sterling C. Evans Library  |d Evans: Library Stacks  |e NK1700 .A24  |h Library of Congress classification  |i unmediated -- volume  |k no.232  |l 1985:marzo  |m A14827339370  |p serial  |s Evans stk  |t 0 
952 f f |a Texas A&M University  |b College Station  |c Sterling C. Evans Library  |d Evans: Library Stacks  |e NK1700 .A24  |h Library of Congress classification  |i unmediated -- volume  |k no.493/494  |l 2009:June-Aug.  |m A14838932709  |p serial  |s Evans stk  |t 0 
952 f f |a Texas A&M University  |b College Station  |c Sterling C. Evans Library  |d Evans: Library Stacks  |e NK1700 .A24  |h Library of Congress classification  |i unmediated -- volume  |k [no.] 569-570  |l 2017:Nov.-Dec.  |m A14850393787  |p serial  |s Evans stk  |t 0 
952 f f |a Texas A&M University  |b College Station  |c Sterling C. Evans Library  |d Evans: Library Stacks  |e NK1700 .A24  |h Library of Congress classification  |i unmediated -- volume  |k [no.] 567-568  |l 2017:Sept.-Oct.  |m A14850349391  |p serial  |s Evans stk  |t 0 
952 f f |a Texas A&M University  |b College Station  |c Sterling C. Evans Library  |d Evans: At Bindery (Does not check out)  |e NK1700 .A24  |h Library of Congress classification  |i unmediated -- volume  |k [no.]647-648  |l 2025:Sep.-Oct.  |m A14852824268  |p serial  |s Evans at bindery  |t 0 
952 f f |a Texas A&M University  |b College Station  |c Sterling C. Evans Library  |d Evans: Library Stacks  |e NK1700 .A24  |h Library of Congress classification  |i unmediated -- volume  |k no.439-440  |l 2004:May-June  |m A14831464153  |p serial  |s Evans stk  |t 0 
952 f f |a Texas A&M University  |b College Station  |c Sterling C. Evans Library  |d Evans: Library Stacks  |e NK1700 .A24  |h Library of Congress classification  |i unmediated -- volume  |k no.252/253  |l 1987  |m A14811607341  |p serial  |s Evans stk  |t 0 
952 f f |p noncirc  |a Texas A&M University  |b College Station  |c Sterling C. Evans Library  |s Evans santac  |d Santa Chiara (in Italy)  |t 0  |e NK1700 .A24  |h Library of Congress classification  |i unmediated -- volume 
952 f f |a Texas A&M University  |b College Station  |c Sterling C. Evans Library  |d Evans: Library Stacks  |e NK1700 .A24  |h Library of Congress classification  |i unmediated -- volume  |k no.383  |l 1999:April  |m A14824911432  |p serial  |s Evans stk  |t 0 
952 f f |a Texas A&M University  |b College Station  |c Sterling C. Evans Library  |d Evans: Library Stacks  |e NK1700 .A24  |h Library of Congress classification  |i unmediated -- volume  |k no.529-530  |l 2013:Feb.-Mar.  |m A14842042344  |p serial  |s Evans stk  |t 0 
952 f f |a Texas A&M University  |b College Station  |c Sterling C. Evans Library  |d Evans: Library Stacks  |e NK1700 .A24  |h Library of Congress classification  |i unmediated -- volume  |k [no.] 587-588  |l 2019:Sept.-Oct.  |m A14850936759  |p serial  |s Evans stk  |t 0 
952 f f |a Texas A&M University  |b College Station  |c Sterling C. Evans Library  |d Evans: Library Stacks  |e NK1700 .A24  |h Library of Congress classification  |i unmediated -- volume  |k no.369  |l 1998:Jan  |m A14823747513  |p serial  |s Evans stk  |t 0 
952 f f |a Texas A&M University  |b College Station  |c Sterling C. Evans Library  |d Evans: Library Stacks  |e NK1700 .A24  |h Library of Congress classification  |i unmediated -- volume  |k no.466  |l 2006:Nov.  |m A14835869907  |p serial  |s Evans stk  |t 0 
952 f f |a Texas A&M University  |b College Station  |c Sterling C. Evans Library  |d Evans: Library Stacks  |e NK1700 .A24  |h Library of Congress classification  |i unmediated -- volume  |k no.470  |l 2007:mar.  |m A14836450866  |p serial  |s Evans stk  |t 0 
998 f f |a NK1700 .A24  |s no.429-431,433-451,453-455  |t 0  |l Santa Chiara (in Italy) 
998 f f |a NK1700 .A24  |s (no.) 633-650(2024-2025)  |t 0  |l Evans: Library Stacks